Musical Artists - No Vowels - Statistics

General Stats
  • This quiz has been taken 90 times
  • The average score is 14 of 20
Answer Stats
HNT NSWR % Correct
TWNTY N PLTS Twenty One Pilots
100%
KNDRCK LMR Kendrick Lamar
99%
TH WKND The Weeknd
97%
LKN PRK Linkin Park
93%
N RPBLC One Republic
92%
MGN DRGNS Imagine Dragons
89%
LL NS X Lil Nas X
88%
BRN MRS Bruno Mars
87%
GRN DY Green Day
84%
MNM Eminem
81%
MGN TRNR Megan Trainor
72%
FLL T BY Fall Out Boy
71%
MRN FV Maroon Five
67%
LN WLKR Alan Walker
64%
CML CBLL Camila Cabello
60%
C SPC Ice Spice
44%
RDHD Radiohead
43%
MF DM MF Doom
29%
KL CHS Kali Uchis
16%
LVR TR Oliver Tree
8%
No matching quizzes found
Score Distribution
Percent of People with Each Score
Percentile by Number Answered
Your Score History
You have not taken this quiz